| 000 | 00535nam a2200205Ia 4500 | ||
|---|---|---|---|
| 008 | 180523s9999 xx 000 0 und d | ||
| 020 | _a1-85986-368-X | ||
| 050 | _aMAIN QE 26.3 | ||
| 050 | _b.E27 2001 | ||
| 245 | 0 | _aEarth sciences / | |
| 245 | 0 | _coverview by Edward D. Young and Margaret Carruthers. | |
| 260 | _aUnited Kingdom : | ||
| 260 | _bHelicon Publshing Ltd. | ||
| 260 | _c2001 | ||
| 300 | _a259 pages : | ||
| 300 | _c24 cm. | ||
| 500 | _aIncludes index. | ||
| 650 | _aGeology. | ||
| 650 | _xEarth sciences. | ||
| 999 |
_c357552 _d357552 |
||